| 000 | 00620nam a2200205 i 4500 | ||
|---|---|---|---|
| 001 | 100901 | ||
| 003 | ES-MaACL | ||
| 005 | 20230906182801.0 | ||
| 007 | t| | ||
| 008 | 051006s1971 fr ||||1| fre d | ||
| 100 | 1 |
_aMatheron, Alexandre. _979019 |
|
| 245 | 1 | 3 |
_aLe Christ et le salut des ignorants chez Spinoza / _cAlexandre Matheron. |
| 260 |
_aParis : _bAubier Montaigne, _c1971. |
||
| 300 |
_a284 p. ; _c23 cm. |
||
| 490 | 1 |
_aAnalyse et raisons ; _v16 |
|
| 504 | _aBibliografía. Indice. | ||
| 830 | 0 |
_aAnalyse et raisons ; _v16 _9183886 |
|
| 852 |
_aES-MaACL _jL-11892 _bR.113502 |
||
| 999 |
_c100901 _d100901 |
||